000 00962 a2200229 4500
001 41094
005 20260407155704.0
008 260407a2008 arg spa d
003 AR-UNSa-BCEJYS
040 _aAR-UNSa-BCEJYS
_bspa
_cAR-UNSa-BCEJYS
080 _a347.44
_xContratos en general. Obligaciones
245 1 0 _aDerecho de los contratos
_ptécnica de la contratación actual
020 _a978-950-894-689-8
264 1 _aBuenos Aires :
_bAD-HOC
_c2008
300 _a959 p.
_c23 cm.
505 _aParte General - Parte Especial: 1. Contratos electrónicos - 2. Fideicomiso - 3. Contratos societarios y asociativos - 4. Contratos para la obtención de financiamiento - 5. Canales de comercialización - 6. Contratos inmobiliarios
041 _aspa
942 _cBK
590 _aniveau_biblio:m niveau_hierar:0
100 1 _aPérez Hualde, Fernando
856 4 1 _uhttps://biblioeco.unsa.edu.ar/pmb/images/libros/L126362.jpg
_yImagen de portada
_qimage/jpeg
999 _c3362
_d3362